Revista de la Facultad de Medicina / (Record no. 6080)
[ view plain ]
| 000 -LEADER | |
|---|---|
| fixed length control field | 00955nas a22002297a 4500 |
| 005 - DATE AND TIME OF LATEST TRANSACTION | |
| control field | 20201019135230.0 |
| 007 - PHYSICAL DESCRIPTION FIXED FIELD--GENERAL INFORMATION | |
| fixed length control field | cr |
| 008 - FIXED-LENGTH DATA ELEMENTS--GENERAL INFORMATION | |
| fixed length control field | 201019cr ||||| |||| 00| 0 spa d |
| 222 00 - KEY TITLE | |
| Key title | RFM |
| 245 00 - TITLE STATEMENT | |
| Title | Revista de la Facultad de Medicina / |
| Statement of responsibility, etc | Facultad de Medicina ; Universidad Nacional del Nordeste . |
| 260 ## - PUBLICATION, DISTRIBUTION, ETC. (IMPRINT) | |
| Place of publication, distribution, etc | [ Corrientes ] : |
| Name of publisher, distributor, etc | UNNE , |
| Date of publication, distribution, etc | 2016 - |
| 300 ## - PHYSICAL DESCRIPTION | |
| Extent | En línea |
| 310 ## - CURRENT PUBLICATION FREQUENCY | |
| Current publication frequency | Cuatrimestral |
| 362 ## - DATES OF PUBLICATION AND/OR SEQUENTIAL DESIGNATION | |
| Dates of publication and/or sequential designation | Vol. 36 Núm. 3 (2016) - |
| 500 ## - GENERAL NOTE | |
| General note | Destinada a la difusión de actividades de investigación y de las experiencias docentes innovadoras en las distintas áreas de las Ciencias Biomédicas |
| Source of note information (AM SE) [OBSOLETE] | http://revista.med.unne.edu.ar/index.php/med/issue/view/15 |
| 650 27 - SUBJECT ADDED ENTRY--TOPICAL TERM | |
| Source of heading or term | dcs |
| 9 (RLIN) | 8899 |
| Topical term or geographic name as entry element | INVESTIGACIÓN BIOMÉDICA |
| 650 27 - SUBJECT ADDED ENTRY--TOPICAL TERM | |
| Source of heading or term | dcs |
| 9 (RLIN) | 1465 |
| Topical term or geographic name as entry element | ENSEÑANZA |
| 710 2# - ADDED ENTRY--CORPORATE NAME | |
| 9 (RLIN) | 11167 |
| Corporate name or jurisdiction name as entry element | Universidad Nacional del Nordeste . |
| Subordinate unit | Facultad de Medicina |
| 856 40 - ELECTRONIC LOCATION AND ACCESS | |
| Uniform Resource Identifier | <a href="http://revista.med.unne.edu.ar/index.php/med/issue/view/15">http://revista.med.unne.edu.ar/index.php/med/issue/view/15</a> |
| 869 ## - Existencias | |
| Año | ---- |
| 942 ## - ADDED ENTRY ELEMENTS (KOHA) | |
| Source of classification or shelving scheme | Dewey Decimal Classification |
| Item type | Revista electrónica |
| Withdrawn status | Lost status | Source of classification or shelving scheme | Damaged status | Not for loan | Collection code | Home library | Current library | Date acquired | Total Checkouts | Full call number | Date last seen | Uniform Resource Identifier | Price effective from | Koha item type |
|---|---|---|---|---|---|---|---|---|---|---|---|---|---|---|
| Dewey Decimal Classification | Acceso en línea | Revistas | Biblioteca Central | Biblioteca Central | 19/10/2020 | En línea | 19/10/2020 | http://revista.med.unne.edu.ar/index.php/med/issue/archive | 19/10/2020 | Revista electrónica |